Normal view
MARC view
Entry Personal Name
001 - CONTROL NUMBER
- control field: 30446
003 - CONTROL NUMBER IDENTIFIER
- control field: ARRUPE
005 - DATE AND TIME OF LATEST TRANSACTION
- control field: 20170504093834.0
008 - FIXED-LENGTH DATA ELEMENTS
- fixed length control field: 170504|| aca||aabn | a|a d
040 ## - CATALOGING SOURCE
- Original cataloging agency: ARRUPE
- Transcribing agency: ARRUPE
100 ## - HEADING--PERSONAL NAME
- Personal name: Palley, Claire
670 ## - SOURCE DATA FOUND
- Source citation: Work cat.: (ARRUPE)38054: Palley, Claire, The Constitutional History and Law of Southern Rhodesia 1888-1965, 1966